• 首页
  • 本馆介绍
  • 公告通知
  • 最新文献
  • 馆藏检索
  • 电子资源
  • 读者导购
  • 参考咨询
  • 我的图书馆
  • 登录
  • 详细信息显示
  • 放入我的书架
  • 预约/预借图书
  • 作者相关作品
  • 分类相关作品
  • 丛书相关作品
  • 出版社相关作品

书目信息

  • 表格格式
  • 工作单格式
  • 卡片格式
题名:
生态农业视角下绿色种养实用技术
    
 
作者: 孙桂英 , 李之付 , 王丽 著
分册:  
出版信息: 长春   吉林科学技术出版社  2022.08
页数: 235页
开本: 26cm
丛书名:
单 册:
中图分类: S-0
科图分类:
主题词: 生态农业--sheng tai nong ye--农业技术
电子资源:
ISBN: 978-7-5578-9383-5
000 01226nam0 2200265 450
001 CAL 012022036637
005 20230303115827.91
010    @a978-7-5578-9383-5@dCNY59.00
100    @a20221020d2022 em y0chiy0120 ea
101 0  @achi
102    @aCN@b220000
105    @ay a 000yy
106    @ar
200 1  @a生态农业视角下绿色种养实用技术@Asheng tai nong ye shi jiao xia lv se zhong yang shi yong ji shu@f孙桂英, 李之付, 王丽著
210    @a长春@c吉林科学技术出版社@d2022.08
215    @a235页@d26cm
320    @a有书目 (第234-235页)
330    @a本书围绕绿色农业及在生态农业视角下种养的实用技术。第一章主要讲述绿色农业的概念以及在农业生产、动物养殖、加工生产几方面的一些技术 ; 第二、三章主要内容是生态农业视角下农业可实行的实用技术和高产创新技术 ; 第四章, 讲述了农作物在培养过程中次生代谢发挥的作用 ; 第五、六章介绍了生态农业视角下, 种植业和养殖业的一些实用技术 ; 第七章又重点介绍了健康稻田的绿色生产技术 ; 第八章, 介绍了稻田一油一鱼结合模式种养技术设计及管理。
606 0  @a生态农业@Asheng tai nong ye@x农业技术
690    @aS-0@v5
701  0 @a孙桂英@Asun gui ying@4著
701  0 @a李之付@Ali zhi fu@4著
701  0 @a王丽@Awang li@4著
801  0 @aCN@bBJXHZP@c20230228
905    @b1386575-8@dS-0@e160@f4
    
    生态农业视角下绿色种养实用技术/孙桂英, 李之付, 王丽著.-长春:吉林科学技术出版社,2022.08
    235页;26cm
    
    
    ISBN 978-7-5578-9383-5:CNY59.00
    本书围绕绿色农业及在生态农业视角下种养的实用技术。第一章主要讲述绿色农业的概念以及在农业生产、动物养殖、加工生产几方面的一些技术 ; 第二、三章主要内容是生态农业视角下农业可实行的实用技术和高产创新技术 ; 第四章, 讲述了农作物在培养过程中次生代谢发挥的作用 ; 第五、六章介绍了生态农业视角下, 种植业和养殖业的一些实用技术 ; 第七章又重点介绍了健康稻田的绿色生产技术 ; 第八章, 介绍了稻田一油一鱼结合模式种养技术设计及管理。
●
相关链接 在E读中查询图书 在五车中查询图书 在当当中查询图书 在豆瓣中查询图书


正题名:生态农业视角下绿色种养实用技术     索取号:S-0/160         预约/预借

序号 登录号 条形码 馆藏地/架位号 状态 备注
1 1386575   213865753   第二样本阅览室/ [索取号:S-0/160] 在馆    
2 1386576   213865762   第三借阅区/ [索取号:S-0/160] 在馆    
3 1386577   213865771   第三借阅区/ [索取号:S-0/160] 在馆    
4 1386578   213865780   第三借阅区/ [索取号:S-0/160] 在馆    
唐山师范学院图书馆 欢迎您!
大连网信软件有限公司© 版权所有